| 000 | 00000nes 2200000za 4500 |
| 001 | 9.510795 |
| 003 | CaOODSP |
| 005 | 20251127164447 |
| 006 | s|| m f0 | |
| 007 | aj |a||| |
| 008 | 150406c2002||||xxc|||| b##f | fre|d |
| 040 | |aCaOODSP|bfre |
| 041 | |aeng |
| 041 | |afre |
| 043 | |an-cn--- |
| 086 | 1 |aM57-2/713 |
| 110 | 1 |aCanada.|bRessources naturelles Canada. |bCentre d'information topographique. |
| 245 | 10|aSystème national de référence cartographique. Série A713 |h[document cartographique] |
| 260 | |aOttawa - Ontario : |bRessources naturelles Canada. |
| 791 | |tNational Topographic System. Series A713 |eeng|w(CaOODSP)9.510794 |